LEADER 01462naa a2200301 u 4500 001 000000110528 003 CaOOAMICUS 005 20080311112952.0 008 080311s2007 it u000 u ita u 020 $z978-88-14126-789* 040 $aPUL$bita$dBc 041 0 $aita 100 1 $aBucci, Onorato.$0(OLS)http://pul/name/29630 245 12$aL'eredità giudaico-cristiana nella formazione della dottrina contrattualistica europea /$cOnorato Bucci. 260 $a[Milano] :$bGiuffrè,$c2007. 300 $avi, 139 p. ;$c24 cm. 490 1 $aIl diritto di famiglia e delle persone.$aStudi ;$v19. 504 $aInclude indice e bibliografia in nota. 650 4$aDiritto privato$zEuropa.$0(OLS)http://pul/subject/20861 650 4$aDiritto privato$zEuropa$xInflussi giudaici.$0(OLS)http://pul/subject/34158 650 4$aDiritto privato$zEuropa$xInflussi cristiani.$0(OLS)http://pul/subject/34159 830 3$aIl diritto di famiglia e delle persone.$pStudi ;$v19.$0(OLS)http://pul/title/53078 850 $aPUL 852 $aPUL$W1$xSL Diritto e Scienze Sociali 3$y79$m349 BUCON 1$j126615$qDDC 21$B125340$CPULBib$Z2$F125340 $H105850 $82 941 1 $a9 996 $6020$z978-88-14126-789*$9(OLS)http://pul/number/137499 996 $6245$aL'eredità giudaico-cristiana nella formazione della dottrina contrattualistica europea$9(OLS)http://pul/title/138984 996 $6260$a[Milano] :$bGiuffrè$9(OLS)http://pul/publisher/62827 LEADER 01186nam a2200301 a 4500 001 000000149744 003 CaOOAMICUS 005 20160225133526.0 008 160225s1987 it u000 u ita r 020 $a88-396-0016-7* 032 $aLibriCat 040 $aPUL$bita 100 1 $aMilano, Andrea,$d1938-$0(OLS)http://pul/name/12783 245 13$aLa Trinità dei teologi e dei filosofi : $bl'intelligenza della persona in Dio /$cAndrea Milano. 260 $aNapoli :$bDehoniane,$c1987. 300 $aXV, 323 p. ;$c22 cm. 500 $aInclude indici. 504 $aBibliografia in nota. 650 4$aTrinità.$0(OLS)http://pul/subject/2463 850 $aPUL 852 $aPUL$W1$xDP1 Fondo Bordoni$y120$m3 I 78$j167092$qFondi$B174089$CPULBib$Z2$F174089 $HBor1952 $81 941 1 $a1 960 $aTeologia trinitaria$92463 960 $aTeologia trinitaria$92463 996 $6020$a88-396-0016-7*$9(OLS)http://pul/number/159851 996 $6245$aLa Trinità dei teologi e dei filosofi : $bl'intelligenza della persona in Dio$9(OLS)http://pul/title/188771 996 $6260$aNapoli :$bDehoniane$9(OLS)http://pul/publisher/51874